| 000 | 00541cam a22002291 4500 | ||
|---|---|---|---|
| 001 | sa 64007393 | ||
| 003 | DLC | ||
| 005 | 20260227112046.0 | ||
| 008 | 891108s1963 ii 000 0 orio | ||
| 010 | _asa 64007393 | ||
| 035 | _a(OCoLC)20616287 | ||
| 040 |
_aDLC _cWaU _dDLC |
||
| 042 | _apremarc | ||
| 050 | 0 | 0 |
_aPK2576 _b.B4 |
| 100 | 1 | _aBeherā, Rāsabihārī. | |
| 245 | 1 | 0 | _aPāñca pākhuḍāra phula. |
| 260 | _c[1963] | ||
| 300 |
_a2, 44 p. _c18 cm. |
||
| 500 | _aIn Oriya. | ||
| 500 | _aPoems. | ||
| 650 | 0 | _aOriya poetry. | |
| 999 |
_c60219 _d60219 |
||